| 000 | 01593nab a2200253 i 4500 | ||
|---|---|---|---|
| 001 | 768714001 | ||
| 003 | CO-MdFUSB | ||
| 005 | 20240731151632.0 | ||
| 008 | 240731t1989 -us||||| |||| 00| 0 eng d | ||
| 040 |
_bspa _cCO-MdFUSB _dCO-MdFUSB |
||
| 041 | _aeng | ||
| 100 |
_aSharpe, Eric J., _eautor |
||
| 245 |
_aReflections on missionary historiography _c/ Eric J. Sharpe |
||
| 520 | _aEl relato de Lucas sobre el ministerio de Jesús y el desarrollo del cristianismo desde Jerusalén hasta Roma ha hecho de la historia misionera un componente crucial de la literatura cristiana. La actividad misionera, la plantación de iglesias y el desarrollo temprano son los componentes principales de cómo se forma la historia de la Iglesia. En este artículo, el autor se centra en la transmisión del evangelio, con la plantación de iglesias y con períodos más largos o más cortos de crecimiento inicial, eventualmente la historia misionera pasa a la historia de la iglesia, centrándose no solo en el mensaje cristiano tal como se entrega, sino también en el mensaje recibido (o no recibido, según sea el caso). | ||
| 546 | _aTexto en inglés. | ||
| 630 | 0 | 7 |
_aBiblia. _pNuevo Testamento |
| 650 | 7 |
_aHermenéutica bíblica _97333 |
|
| 650 | 0 |
_aEvangelización _9362 |
|
| 650 | 0 |
_aMisiones _9154 |
|
| 650 | 0 |
_aHistoria de la Iglesia _9153 |
|
| 773 | 0 |
_049483 _982887 _oR2715 _tInternational Bulletinof Missionary Research _w(CO-MdFUSB)768714001 _x0272-6122 _gVolumen 13, (número 2, 1989), páginas: 76 - 81 _qpágina: 76 |
|
| 942 | _cANA | ||
| 945 | _aCatherine Arias Álvarez - Practicante SENA | ||
| 999 |
_c70652 _d70652 |
||